Dinamika atmosfery i okeana : Tom 1 /

Guardado en:
Detalles Bibliográficos
Autor principal: Gill, Adrian E (Autor)
Formato: Libro
Publicado: Moskva : Mir, 1986
Etiquetas: Agregar Etiqueta
Sin Etiquetas, Sea el primero en etiquetar este registro!

MARC

LEADER 00000nam a22000003a 4500
001 stu18799
005 20150617225751.7
008 ------s1986----xxr---------------------d
040 |a STU  |b slo 
041 0
044 |a xxr 
080 |a 532.51 
080 |a 550.3 
100 1 |a Gill, Adrian E  |4 aut 
245 1 |a Dinamika atmosfery i okeana :  |b Tom 1 /  |c [aut.]Gill,Adrian E 
260 |a Moskva :  |b Mir,  |c 1986 
300 |a 397 s :  |b Tab.,grafy 
996 |c V*32902/O-13328 I.  |l VV7  |s P  |a 0  |w stu18799_0001 
996 |b C77400  |c C*77400  |l CCXXVI  |s P  |a 0  |w stu18799_0002 
996 |b C77834  |c C*77834  |l CCXVIII  |s P  |a 0  |w stu18799_0003